Catálogo

Aprende a promocionar tu trabajo : (Registro nro. 21950)

Detalles MARC
000 -LEADER
fixed length control field 01892cam a2200421 i 4500
001 - CONTROL NUMBER
control field 21950
003 - CONTROL NUMBER IDENTIFIER
control field Mx-PuUPA
005 - DATE AND TIME OF LATEST TRANSACTION
control field 20260323130422.0
008 - FIXED-LENGTH DATA ELEMENTS--GENERAL INFORMATION
fixed length control field 140415s2016 nyua gr 000 0 spa d
017 ## - COPYRIGHT OR LEGAL DEPOSIT NUMBER
Copyright or legal deposit number B. 3.460-2016
020 ## - INTERNATIONAL STANDARD BOOK NUMBER
International Standard Book Number 9788425228858
040 ## - CATALOGING SOURCE
Transcribing agency Mx-PuUPA
Original cataloging agency Mx-PuUPA
Language of cataloging spa
Modifying agency Mx-PuUPA
Description conventions rda
041 1# - LANGUAGE CODE
Language code of text/sound track or separate title spa
Language code of original eng
100 1# - MAIN ENTRY--PERSONAL NAME
Personal name Kleon, Austin,
Dates associated with a name 1983-
Relator term autor
-- ilustrador
9 (RLIN) 17938
240 10 - UNIFORM TITLE
Uniform title Show your work! 10 ways to share your creativity and get discovered.
Language of a work Español
245 10 - TITLE STATEMENT
Title Aprende a promocionar tu trabajo :
Remainder of title 10 recursos para artistas, diseñadores y creativos /
Statement of responsibility, etc. del texto y las ilustraciones, Austin Kleon ; de la traducción, Álvaro Marcos
250 ## - EDITION STATEMENT
Edition statement 1a. edición
264 #1 - PRODUCTION, PUBLICATION, DISTRIBUTION, MANUFACTURE, AND COPYRIGHT NOTICE
Place of production, publication, distribution, manufacture Barcelona :
Name of producer, publisher, distributor, manufacturer Editorial GG,
Date of production, publication, distribution, manufacture, or copyright notice 2016
300 ## - PHYSICAL DESCRIPTION
Extent 215 páginas :
Other physical details ilustraciones (en blanco y negro) ;
Dimensions 16 cm
336 ## - CONTENT TYPE
Fuente rdacontent
Content type term texto
Content type code txt
336 ## - CONTENT TYPE
Fuente rdacontent
Content type term imagen fija
Content type code sti
337 ## - MEDIA TYPE
Source rdamedia
Media type term sin medio
Media type code n
338 ## - CARRIER TYPE
Source rdacarrier
Carrier type term volumen
Carrier type code nc
500 ## - GENERAL NOTE
General note Reimpresiones: (12a tirada, 2025).
650 #7 - SUBJECT ADDED ENTRY--TOPICAL TERM
Source of heading or term armarc
Topical term or geographic name entry element Éxito en los negocios
650 #7 - SUBJECT ADDED ENTRY--TOPICAL TERM
Source of heading or term armarc
Topical term or geographic name entry element Movilidad ocupacional
650 #7 - SUBJECT ADDED ENTRY--TOPICAL TERM
Source of heading or term armarc
Topical term or geographic name entry element Desarrollo profesional
650 #7 - SUBJECT ADDED ENTRY--TOPICAL TERM
Source of heading or term armarc
Topical term or geographic name entry element Comunicación en diseño
650 #7 - SUBJECT ADDED ENTRY--TOPICAL TERM
Source of heading or term armarc
Topical term or geographic name entry element Creación
General subdivision Aspectos literarios
650 #7 - SUBJECT ADDED ENTRY--TOPICAL TERM
Source of heading or term armarc
Topical term or geographic name entry element Creatividad
700 1# - ADDED ENTRY--PERSONAL NAME
Personal name Marcos, Álvaro,
Relator term traductor
765 0# - ORIGINAL LANGUAGE ENTRY
Main entry heading Kleon, Austin, 1983-
Edition Nueva York : Workman Publishing Company, 2014
Title Show your work! 10 ways to share your creativity and get discovered.
942 ## - ADDED ENTRY ELEMENTS (KOHA)
Source of classification or shelving scheme Dewey Decimal Classification
Koha item type Libro
Classification part 153.35
Item part K6318
Existencias
Withdrawn status Lost status Source of classification or shelving scheme Damaged status Not for loan Collection code Home library Current library Shelving location Date acquired Source of acquisition Cost, normal purchase price Total Checkouts Full call number Barcode Date last seen Copy number Cost, replacement price Price effective from Koha item type
    Dewey Decimal Classification     General Biblioteca Karol Wojtyla Biblioteca Karol Wojtyla Sala general 18/03/2026 1 379.00   153.35 K6318 2016 106373 08/05/2026 Ej.2 379.00 18/03/2026 Libro
    Dewey Decimal Classification     General Biblioteca Karol Wojtyla Biblioteca Karol Wojtyla Sala general 18/03/2026 1 379.00   153.35 K6318 2016 106372 08/04/2026   379.00 18/03/2026 Libro